000 00286nam a22001337a 4500
008 170508b xxu||||| |||| 00| 0 eng d
020 _a9780071762755
041 _aeng
080 _a34
100 _a15
101 _aSHJ
245 _aETHICS DEMYSTIFIED
_cNEWMAN, M
942 _2udc
_cBK
999 _c12970
_d12970